[Event "Catalunya-chT Honor"]
[Site "Catalunya"]
[Date "2008.02.17"]
[Round "4"]
[White "Gallart Zafra, Jaume"]
[Black "Gonzalez Lopez, Antoni"]
[Result "1/2-1/2"]
[WhiteElo "2137"]
[BlackElo "2194"]
[PlyCount "38"]
[EventDate "2008.01.27"]
[EventType "team-tourn"]
[EventRounds "9"]
[EventCountry "ESP"]
[SourceTitle "EXT 2019"]
[Source "ChessBase"]
[SourceDate "2018.10.10"]
[SourceVersion "1"]
[SourceVersionDate "2018.10.10"]
[SourceQuality "1"]

1. e4 e5 2. d4 exd4 3. Qxd4 Nc6 4. Qe3 Nf6 5. Nc3 Bb4 6. Bd2 0-0 7. 0-0-0 Re8 8. f3 d5 9. Qg5 dxe4 10. fxe4 Ng4 11. Qf4 Bd6 12. Qf3 Nd4 13. Qd3 c5 14. Nh3 Be6 15. Nd5 Ne5 16. Qe3 Ng4 17. Qd3 Ne5 18. Qe3 Ng4 19. Qd3 Ne5 1/2-1/2

[Event "Catalunya-chT Honor"]
[Site "Catalunya"]
[Date "2008.02.10"]
[Round "3"]
[White "Gonzalez Lopez, Antoni"]
[Black "Randazzo, Adrian"]
[Result "1/2-1/2"]
[WhiteElo "2194"]
[BlackElo "2235"]
[PlyCount "27"]
[EventDate "2008.01.27"]
[EventType "team-tourn"]
[EventRounds "9"]
[EventCountry "ESP"]
[SourceTitle "EXT 2019"]
[Source "ChessBase"]
[SourceDate "2018.10.10"]
[SourceVersion "1"]
[SourceVersionDate "2018.10.10"]
[SourceQuality "1"]

1. d4 d5 2. Nf3 Nf6 3. c4 dxc4 4. e3 e6 5. Bxc4 c5 6. 0-0 a6 7. a4 Nc6 8. Nc3 cxd4 9. exd4 Be7 10. d5 exd5 11. Nxd5 Nxd5 12. Qxd5 Qxd5 13. Bxd5 0-0 14. Bg5 1/2-1/2

[Event "ESP-chT fin"]
[Site "Sanxenxo"]
[Date "2003.11.20"]
[Round "4"]
[White "Gonzalez Lopez, Antoni"]
[Black "Corona Garcia, Tomas"]
[Result "1/2-1/2"]
[WhiteElo "2152"]
[BlackElo "2205"]
[PlyCount "103"]
[EventDate "2003.11.17"]
[EventType "team"]
[EventRounds "6"]
[EventCountry "ESP"]
[SourceTitle "CBM 097 Extra"]
[Source "ChessBase"]
[SourceDate "2004.01.13"]
[SourceVersion "1"]
[SourceVersionDate "2004.01.13"]
[SourceQuality "1"]

1. d4 d6 2. Nf3 f5 3. Bf4 Nf6 4. h3 g6 5. e3 Bg7 6. Bc4 e6 7. 0-0 0-0 8. Bh2 Qe7 9. Nbd2 Kh8 10. Re1 Nbd7 11. e4 fxe4 12. Nxe4 Nxe4 13. Rxe4 d5 14. Bxd5 Nf6 15. c4 c6 16. Bxc6 bxc6 17. Re1 Nh5 18. Qd2 Qf6 19. Bd6 Ba6 20. Bxf8 Rxf8 21. Qb4 Nf4 22. Re3 Bh6 23. Ra3 Bc8 24. Re1 Qf5 25. Qe7 a6 26. Rb3 Qc2 27. Rb8 Qxc4 28. Ne5 Qd5 29. f3 Qxd4+ 30. Kh1 Qd2 31. Rg1 Nd3 32. Nxd3 Qxd3 33. Ra8 Qd8 34. Qc5 Qd5 35. Qe7 Qd8 36. Qc5 Qe8 37. Re1 Bg7 38. b3 h6 39. Qa7 Qd8 40. Qb8 Qd2 41. Qg3 Kh7 42. Re4 Rd8 43. Qc7 Qc1+ 44. Kh2 Rd7 45. Qxc8 Be5+ 46. Rxe5 Qf4+ 47. Kg1 Rd1+ 48. Kf2 Qh4+ 49. g3 Qd4+ 50. Re3 Rd2+ 51. Kf1 Rd1+ 52. Kf2 1/2-1/2

[Event "ESP-chT"]
[Site "Barcelona"]
[Date "2000.08.09"]
[Round "5"]
[White "Mullor Gomez, Luis"]
[Black "Gonzalez Lopez, Antoni"]
[Result "1-0"]
[WhiteElo "2331"]
[BlackElo "2078"]
[PlyCount "69"]
[EventDate "2000.08.05"]
[EventType "team"]
[EventRounds "9"]
[EventCountry "ESP"]
[SourceTitle "CBM 077 Extra"]
[Source "ChessBase"]
[SourceDate "2000.09.14"]
[SourceVersion "1"]
[SourceVersionDate "2000.09.14"]
[SourceQuality "1"]

1. e4 e5 2. Nc3 Nf6 3. Bc4 Bc5 4. d3 d6 5. Nf3 Nc6 6. Bg5 h6 7. Bxf6 Qxf6 8. Nd5 Qd8 9. c3 0-0 10. b4 Bb6 11. a4 a5 12. b5 Ne7 13. Nxb6 cxb6 14. 0-0 Ng6 15. d4 Qf6 16. Ne1 Qg5 17. Kh1 Nf4 18. g3 Nh3 19. Ng2 Be6 20. Bd3 f5 21. f4 exf4 22. gxf4 Qe7 23. d5 Bd7 24. exf5 Qf7 25. Ne3 Rae8 26. Qf3 Rxe3 27. Qxe3 Bxf5 28. Bxf5 Qxf5 29. Qe6+ Rf7 30. Rae1 Nxf4 31. Qxf5 Rxf5 32. Re8+ Kf7 33. Rb8 g5 34. Rxb7+ Kf6 35. c4 1-0

[Event "ESP-chT Div 1"]
[Site "Cala Galdana"]
[Date "1999.11.15"]
[Round "8"]
[White "Bellon Lopez, Juan Manuel"]
[Black "Gonzalez Lopez, Antoni"]
[Result "1-0"]
[WhiteElo "2463"]
[BlackElo "2076"]
[PlyCount "53"]
[EventDate "1999.11.08"]
[EventType "team"]
[EventRounds "9"]
[EventCountry "ESP"]
[SourceTitle "EXT 2000"]
[Source "ChessBase"]
[SourceDate "1999.11.16"]
[SourceVersion "1"]
[SourceVersionDate "1999.11.16"]
[SourceQuality "1"]

1. d4 Nf6 2. Bg5 c5 3. Bxf6 gxf6 4. d5 d6 5. e3 a6 6. a4 Bf5 7. h4 h6 8. Nd2 Nd7 9. a5 Qc7 10. Nc4 Bg7 11. Ne2 0-0 12. Ng3 Bg6 13. e4 b5 14. axb6 Nxb6 15. Ne3 e6 16. c3 Rfe8 17. Qg4 f5 18. exf5 Bxf5 19. Ngxf5 exf5 20. Qxf5 Re5 21. Qf3 Nxd5 22. Bc4 Nb6 23. 0-0 Rd8 24. Bxa6 Qd7 25. Bd3 Qe6 26. Ra6 Qb3 27. Qb7 1-0

[Event "Catalunya-chT"]
[Site "Spain"]
[Date "1999.??.??"]
[Round "4"]
[White "Ferron Garcia, Carlos"]
[Black "Gonzalez Lopez, Antoni"]
[Result "1/2-1/2"]
[WhiteElo "2310"]
[BlackElo "2320"]
[PlyCount "36"]
[EventDate "1999.??.??"]
[EventType "team"]
[EventRounds "9"]
[EventCountry "ESP"]
[SourceTitle "EXT 2000"]
[Source "ChessBase"]
[SourceDate "1999.11.16"]
[SourceVersion "1"]
[SourceVersionDate "1999.11.16"]
[SourceQuality "1"]

1. e4 e5 2. d4 exd4 3. Qxd4 Nc6 4. Qe3 Nf6 5. Nc3 Bb4 6. Bd2 0-0 7. 0-0-0 Re8 8. Qg3 Rxe4 9. a3 Ba5 10. b4 Bb6 11. Bg5 Rg4 12. Bxf6 Qxf6 13. Qxg4 Qxc3 14. Qg3 Qa1+ 15. Kd2 Qd4+ 16. Kc1 Qa1+ 17. Kd2 Qd4+ 18. Kc1 Qa1+ 1/2-1/2

[Event "ESP Ronda op"]
[Site "Spain"]
[Date "1998.??.??"]
[Round "?"]
[White "Lopez, X."]
[Black "Gonzalez Lopez, Antoni"]
[Result "0-1"]
[WhiteElo "1990"]
[BlackElo "2315"]
[PlyCount "48"]
[EventDate "1998.??.??"]
[EventType "swiss"]
[EventRounds "9"]
[EventCountry "ESP"]
[SourceTitle "EXT 2003"]
[Source "ChessBase"]
[SourceDate "2002.11.25"]
[SourceVersion "1"]
[SourceVersionDate "2002.11.25"]
[SourceQuality "1"]

1. d4 Nf6 2. c4 g6 3. Nc3 Bg7 4. e4 d6 5. Nf3 0-0 6. Be2 e5 7. d5 Nbd7 8. Be3 Ng4 9. Bg5 f6 10. Bd2 Nh6 11. Qc1 Nf7 12. b4 a5 13. a3 axb4 14. axb4 Rxa1 15. Qxa1 f5 16. Qc1 f4 17. 0-0 b6 18. Qa3 g5 19. Ne1 Nf6 20. Nd3 g4 21. f3 g3 22. c5 Nh5 23. Rd1 Qh4 24. h3 Bxh3 0-1

[Event "ESP Ronda op"]
[Site "Spain"]
[Date "1998.??.??"]
[Round "?"]
[White "Pham Guerrero, Sergi"]
[Black "Gonzalez Lopez, Antoni"]
[Result "0-1"]
[WhiteElo "2170"]
[BlackElo "2315"]
[PlyCount "104"]
[EventDate "1998.??.??"]
[EventType "swiss"]
[EventRounds "9"]
[EventCountry "ESP"]
[SourceTitle "EXT 2003"]
[Source "ChessBase"]
[SourceDate "2002.11.25"]
[SourceVersion "1"]
[SourceVersionDate "2002.11.25"]
[SourceQuality "1"]

1. e4 e5 2. Nf3 Nc6 3. Bc4 Nf6 4. d3 Be7 5. 0-0 0-0 6. Nc3 d6 7. h3 Na5 8. Qe2 c6 9. a4 Nxc4 10. dxc4 Qc7 11. Bg5 h6 12. Bh4 g5 13. Bg3 Nh5 14. Bh2 Nf4 15. Qd2 Be6 16. b3 Kh7 17. Kh1 Rg8 18. Ng1 Rg6 19. Rad1 Rag8 20. f3 h5 21. g4 Rh6 22. Nce2 hxg4 23. Nxf4 gxf4 24. fxg4 Kg7 25. Rf3 Kf8 26. Qd3 Rgh8 27. Rd2 Bc8 28. Rg2 Qd7 29. c3 Qe6 30. Rd2 Qg6 31. Rff2 Qh7 32. Qf3 Rh4 33. Rg2 Be6 34. Rd3 Kg7 35. Rdd2 Kf8 36. Rd3 Kg7 37. Rdd2 b6 38. Rd3 Kf8 39. Rdd2 Kg7 40. Rd1 Kf8 41. Rdd2 Bc8 42. Rd1 Kg7 43. Rf1 Rd8 44. Rd2 Bb7 45. Re1 Rh6 46. b4 a6 47. Kg2 Bc8 48. Kf1 Be6 49. Qd3 Qg8 50. Rg2 f6 51. Ne2 Bxc4 52. Qf3 Qh7 0-1

[Event "Catalunya-chT"]
[Site "Spain"]
[Date "1993.??.??"]
[Round "9"]
[White "Gonzalez Lopez, Antoni"]
[Black "Ochoa de Echaguen, Francisco Javier"]
[Result "1/2-1/2"]
[WhiteElo "2275"]
[BlackElo "2415"]
[PlyCount "22"]
[EventDate "1993.??.??"]
[EventType "team"]
[EventRounds "9"]
[EventCountry "ESP"]
[SourceTitle "EXT 2019"]
[Source "ChessBase"]
[SourceDate "2018.10.10"]
[SourceVersion "1"]
[SourceVersionDate "2018.10.10"]
[SourceQuality "1"]

1. d4 f5 2. Nf3 Nf6 3. g3 g6 4. Bg2 Bg7 5. 0-0 0-0 6. c4 d6 7. Nc3 c6 8. b3 Na6 9. Bb2 Bd7 10. d5 Ne4 11. Nd4 Nxc3 1/2-1/2